00600nam a2200181 a 45000010005000000030009000050050017000140080041000310200015000720400033000870820023001201000020001432450067001632600071002303000029003014900052003306500036003829290BD-DhUAP20200205104523.0200205s2001 bg 000 0 eng d a9845102190 aDLCcBD-DhUAPbEngdBD-DhUAP00a342.549202 KAM223 aKamal, Mustafa.10aBangladesh Constitution :btrends and issues /cMustafa Kamal. aDhaka, Bangladesh :bUniversity of Dhaka,cc1994 [Reprinted 2001]. aviii 175 pages ;c22 cm. aKamini Kumar Dutta memorial law lectures, 1994. aConstitutional lawzBangladesh.